El consumo como categoría ética en Lipovetsky: autonomía y diferencia

Gespeichert in:
Bibliographische Detailangaben
1. Verfasser: Sánchez Valverde, José Luis
Format: Unbekannt
Sprache:Spanish
Veröffentlicht: San José, Costa Rica Universidad de Costa Rica, Facultad de Letras, Escuela de Filosofía 2019
Schlagworte:
Tags: Tag hinzufügen
Keine Tags, Fügen Sie den ersten Tag hinzu!

MARC

LEADER 00000 a2200000 4500
008 200117b ||||| |||| 00| 0 spa d
999 |c 30865  |d 30865 
040 |a cru BVZT 
090 |a TESIS 954 
100 |a Sánchez Valverde, José Luis 
245 |a El consumo como categoría ética en Lipovetsky: autonomía y diferencia  |c José Luis Sánchez Valverde 
260 |a San José, Costa Rica  |b  Universidad de Costa Rica, Facultad de Letras, Escuela de Filosofía  |c 2019 
300 |a 160 páginas 
650 |a TRABAJO FINAL DE GRADUACIÓN  |9 237 
650 |a CULTURA DE CONSUMO - ENFOQUE ÉTICO 
650 |a LIPOVETSKY - INDIVIDUALISMO CONTEMPORÁNEO 
650 |a TEORÍAS DE CONSUMO 
650 |a CONSUMO Y AUTONOMÍA 
650 |a POSMODERNIDAD - LIPOVETSKY 
650 |a EL CONSUMO COMO DIFERENCIACIÓN 
650 |a HEDONISMO 
650 |a AMUSEMENT Y ESQUEMATISMO 
650 |a LOS OBJETOS Y LA DIFERENCIA 
650 |a ÉTICA Y CONSUMO 
650 |a EL CONSUMO COMO DIFERENCIACIÓN  
942 |2 z  |c TFG